Państwa nieuznające Palestyny - Statystyki

Ogólne statystyki
  • Ten quiz został rozwiązany 442 razy
    65 od ostatniego zresetowania
  • Średni wynik to 19 z 43
Statystyki odpowiedzi
Państwo % Poprawnych
Stany Zjednoczone
94%
Izrael
87%
Holandia
65%
Niemcy
63%
Austria
60%
Belgia
60%
Korea Południowa
60%
Finlandia
58%
Japonia
58%
Portugalia
58%
Luksemburg
56%
Włochy
56%
San Marino
54%
Estonia
52%
Grecja
52%
Kosowo
52%
Tajwan
52%
Litwa
50%
Mołdawia
50%
Andora
48%
Łotwa
48%
Szwajcaria
48%
Liechtenstein
46%
Chorwacja
44%
Dania
44%
Monako
44%
Nowa Zelandia
44%
Macedonia Północna
37%
Fidżi
33%
Nauru
29%
Palau
29%
Mikronezja
27%
Singapur
27%
Wyspy Marshalla
27%
Wyspy Salomona
27%
Tonga
25%
Samoa
23%
Tuvalu
23%
Kiribati
21%
Erytrea
19%
Mjanma
19%
Panama
19%
Kamerun
13%
Nie znaleziono quizów pasujących do podanych kryteriów
Rozkład punktacji
Procent ludzi z każdym wynikiem
Percentyl według liczby udzielonych odpowiedzi
Twoja historia wyników
Nie rozwiązałeś tego quizu od ostatniego zresetowania